01068cam a22003494i 4500003000900000005001700009008004100026035001900067040003300086082002300119130007100142245010500213250002200318264006600340300003900406336002100445337002500466338002300491505003500514526001000549526001000559526001000569526001000579526000800589526000800597526000800605526000800613526000800621526000800629526000800637630007300645PE-LiUPU20250731173216.0150625s r 000 0 d a(Sirsi) a33061 aPE-LiUPUbspacPE-LiUPUerda04a225.561bF771b221 aBiblia.pNuevo TestamentolEspañolsBiblia las Américasf1973.13aLa Biblia de las Americas. El Nuevo Testamento :bCon referencias y notas /cThe Lockman Foundation. aPrimera edición 1aLa Habra, California :bFoundation Press Publications,c1973. a733 páginas ;c19 centímetros. atext2rdacontent aunmediated2rdamedia avolume2rdacarrier0 aDesde Mateo hasta Apocalipsis. aSEG42 aSEG41 aSEG40 aSEG39 aP94 aP87 aP86 aP85 aP77 aP76 aP3504aBiblia.pNuevo TestamentolEspañolsBiblia de las Américasf1973